[Event "TUR-ch (Women)"]
[Site "Gaziantep"]
[Date "2024.03.04"]
[Round "2"]
[White "Yildiz, Elif Zeren"]
[Black "Danisman, Selma"]
[Result "1-0"]
[WhiteElo "1849"]
[BlackElo "1588"]
[PlyCount "73"]
[EventDate "2024.03.03"]
[EventType "swiss"]
[EventRounds "9"]
[EventCountry "TUR"]
[SourceTitle "CBM 219 Extra"]
[Source "ChessBase"]
[SourceDate "2024.05.31"]
[SourceVersion "1"]
[SourceVersionDate "2024.05.31"]
[SourceQuality "1"]

1. e4 c6 2. d4 d5 3. Nc3 dxe4 4. Nxe4 Bf5 5. Ng3 Bg6 6. f4 e6 7. Nf3 Nd7 8. Bd3 Bxd3 9. Qxd3 Ngf6 10. 0-0 Qc7 11. f5 0-0-0 12. fxe6 Nc5 13. Qf5 Nxe6 14. c4 Kb8 15. Be3 Bd6 16. Ne2 Rhe8 17. Rae1 h5 18. h3 Nf8 19. Bg5 N8h7 20. Bh4 g6 21. Qc2 Ka8 22. Ng5 Rd7 23. Nxh7 Nxh7 24. Nc3 Rxe1 25. Rxe1 Bh2+ 26. Kh1 b6 27. Re8+ Kb7 28. d5 cxd5 29. Nxd5 Qc6 30. Kxh2 Rxd5 31. Qe4 Rd6 32. Re7+ Kc8 33. Qxc6+ Rxc6 34. Rxf7 Rxc4 35. Be7 Rc7 36. Rxh7 Kb7 37. Rg7 1-0

[Event "TUR-ch (Women)"]
[Site "Cesme"]
[Date "2016.03.08"]
[Round "3"]
[White "Ipeker, Melda"]
[Black "Danisman, Selma"]
[Result "1-0"]
[WhiteElo "1580"]
[BlackElo "1353"]
[PlyCount "31"]
[EventDate "2016.03.07"]
[EventType "swiss"]
[EventRounds "9"]
[EventCountry "TUR"]
[SourceTitle "CBM 171 Extra"]
[Source "ChessBase"]
[SourceDate "2016.04.26"]
[SourceVersion "1"]
[SourceVersionDate "2016.04.26"]
[SourceQuality "1"]

1. e4 e5 2. Nf3 Nc6 3. d4 exd4 4. c3 dxc3 5. Nxc3 d6 6. Bc4 Bg4 7. Qb3 Qd7 8. Bxf7+ Qxf7 9. Qxb7 Rd8 10. Qxc6+ Rd7 11. Ng5 Qf6 12. Nd5 Qd4 13. Nxc7+ Ke7 14. Nd5+ Ke8 15. Qc8+ Rd8 16. Qxg4 1-0